02350nam a2200445Ii 4500001001300000003000600013005001700019008004100036020001800077035005800095040009900153041001200252043001200264050002400276100005500300245008300355250004200438264003000480300005400510380001300564490002600577500002700603504005600630520058500686600008801271600005201359600002601411655002901437655004301466655002201509700004501531700005301576700003701629700003701666700006101703830002601764942000801790952009101798999001501889ocn992484095OCoLC20260304130953.0170629t20172017enka bc 000 0 eng d a9780714873459 a(OCoLC)992484095z(OCoLC)987281814z(OCoLC)1008849588 aERASAbengerdacERASAdSFMMAdVP@dBTCTAdYDXdBDXdOCLCFdUABdOCLCAdLANGCdOCLCOdOCLdUOH aEnglish aa-ja---14aN7359.K87bH67 2017 aHoptman, Laura J., - 1962- author.d1962-eauthor.10aYayoi Kusamac/ Akira Tatehata, Laura Hoptman, Udo Kultermann, Catherine Taft. aSecond edition, revised and expanded. 1aLondon :bPhaidon,c2017. a238 pages :billustrations (some color) ;c30 cm. aCatalog.1 aContemporary artists. aFirst published: 2000. aIncludes bibliographical references (pages 234-236)8 aKusama is internationally renowned for her groundbreaking work on themes such as infinity, self-image, sexuality, and compulsive repetition. A well-known name in the Manhattan scene of the 1960s, Kusama's subsequent work combined Psychedelia and Pop culture with patterning, often resulting in participatory installations and series of paintings. This revised and expanded edition of the 2000 monograph, which is arguably still one of the most comprehensive studies on her work to date, has been augmented by an essay by Catherine Taft and a collection of new poems by the artist. 0aKusama, Yayoi - Criticism and interpretation.xCriticism and interpretation.926766 0aKusama, Yayoi - Interviews.vInterviews.926767 0aKusama, Yayoi.926768 0aIllustrated works924413 0aCriticism, interpretation, etc.922790 0aInterviews923088 aKusama, Yayoi, - artist.eartist.926769 aTatehata, Akira, - 1947- author.d1947-eauthor. aKultermann, Udo,eauthor.926771 aTaft, Catherine,eauthor.926772 2aKusama, Yayoi. - Works. Selections.tWorks.kSelections. 0aContemporary artists. 2lcc 00102lcc4070aTBSbTBSd2026-03-04l0r2026-03-04t1w2026-03-04y1zSOON AVAILABLE c5373d5373